Signos, símbolos, marcas, señales
Uloženo v:
| Hlavní autor: | |
|---|---|
| Médium: | Kniha |
| Jazyk: | španělština |
| Vydáno: |
Barcelona, Chile.
Gustavo Gili,
1981
|
| Vydání: | 1a. ed |
| Témata: | |
| On-line přístup: | Disponible Online - Cap. 1 al 3 |
| Tagy: |
Přidat tag
Žádné tagy, Buďte první, kdo vytvoří štítek k tomuto záznamu!
|
MARC
| LEADER | 00000nam a2200000 a 4500 | ||
|---|---|---|---|
| 001 | UCT0876 | ||
| 003 | CL-VaPUC | ||
| 005 | 20250317094903.0 | ||
| 008 | 960913e19810000SP |||||||||||||||||spa|d | ||
| 999 | |c 251568 |d 251566 | ||
| 020 | |a 8425220858 | ||
| 040 | |c Pontificia Universidad Católica de Valparaíso | ||
| 082 | 0 | 4 | |a 704.946 FRU 1981 |2 21 |
| 100 | |a Frutiger, Adrián |e autor |9 369438 | ||
| 245 | 1 | 0 | |a Signos, símbolos, marcas, señales |
| 250 | |a 1a. ed | ||
| 260 | |a Barcelona, Chile. |b Gustavo Gili, |c 1981 | ||
| 300 | |a 286 páginas | ||
| 583 | |a last modification |c 20140410 11:06:22 |k Rodrigo Vera | ||
| 650 | 0 | |a Símbolos en arquitectura |2 CL-VaPUC |9 267424 | |
| 650 | 0 | |a Signos |2 CL-VaPUC |9 337575 | |
| 650 | 0 | |a Símbolos |9 267425 | |
| 650 | 0 | |a Señales |9 268475 | |
| 650 | 0 | |a Luz |9 263172 | |
| 650 | 0 | |a Sombras |2 CL-VaPUC |9 369439 | |
| 650 | 0 | |a Morfología |9 334440 | |
| 650 | 0 | |a Estética |9 264950 | |
| 650 | 0 | |a Simbolismo |9 267046 | |
| 650 | 0 | |a Lenguajes simbólicos |2 CL-VaPUC |9 328174 | |
| 856 | |u http://bibliografiadigital.pucv.cl.pucv.idm.oclc.org/index.php/bibliotecapucv/catalog/book/645 |y Disponible Online - Cap. 1 al 3 | ||
| 942 | |c BK |2 ddc | ||
| 945 | |d 19960913 00:00:00 |a nastorga | ||
| 952 | |0 0 |1 0 |4 0 |6 704_946000000000000_FRU_1981 |7 0 |8 A |9 270834 |a BIBARQ |b BIBARQ |d 2019-11-19 |i 3229998 |o 704.946 FRU 1981 |p 3229998 |r 2025-01-20 |w 2019-11-19 |y BK |k ARQ | ||
| 952 | |0 0 |1 0 |4 0 |6 704_946000000000000_FRU_1981 |7 0 |8 A |9 270835 |a BIBARQ |b BIBARQ |d 2019-11-19 |i 4279980 |l 1 |o 704.946 FRU 1981 |p 4279980 |r 2025-01-20 |s 2022-08-09 |w 2019-11-19 |y BK |k ARQ | ||
| 952 | |0 0 |1 0 |4 0 |6 704_946000000000000_FRU_1981 |7 0 |8 A |9 270836 |a BIBARQ |b BIBARQ |d 2019-11-19 |i 4334337 |l 4 |o 704.946 FRU 1981 |p 4334337 |r 2025-01-20 |s 2024-08-01 |w 2019-11-19 |y BK |k ARQ | ||